000 01374cam a2200409 a 4500
001 22614
003 SK-KTurca
005 20260402102121.0
008 240221s1994 xo cr 0000j slo
015 _aSNBA1995/0701943
020 _a8006005648
_q(viazané)
035 _aSNK000001136
040 _aSNK
_bslo
_cSNK
_eAACR2
041 1 _aslo
_hger
044 _axo
_cSK
072 7 _a821.112.2-3
_xNemecká próza, nemecky písaná
_2konspekt
072 7 _a821-93
_xLiteratúra pre deti a mládež (beletria)
_2konspekt
080 _a830-3
_21997
080 _a821.112.2-32
_22011
080 _a(0:82-321.3)
_22011
080 _a82-93-053.4/.5
_22011
100 1 _aMay, Karl,
_d1842-1912
_4aut
245 1 0 _aKrvná pomsta
_bpoviedky z ciest
_cKarl May ; [preložila Mária Kellerová]
250 _a1. vyd.
260 _aBratislava
_bMladé letá
_c1994
300 _a151 strán
_c21 cm
500 _aPreložené z nemčiny
521 1 _aPre čitateľov od 11 rokov
655 7 _anemecké poviedky
_2SNKPH
655 7 _adobrodružné poviedky
_2SNKPH
655 7 _aliteratúra pre deti
_2SNKPH
700 1 2 _aMay, Karl,
_d1842-1912
_tBlutrache
_lSlovensky
700 1 2 _aMay, Karl,
_d1842-1912
_tDer Kutb
_lSlovensky
700 1 2 _aMay, Karl,
_d1842-1912
_tDer Händler von Serdescht
_lSlovensky
700 1 _aKellerová, Mária,
_d1955-
_4trl
942 _2ddc
_cKLDO
_n0
999 _c22614
_d22614